000 00351nam a2200145Ia 4500
005 20251222153539.0
008 251222s9999||||xx |||||||||||||| ||spa||
020 _a844067404x
082 _a861.070.906/U94
100 _aUssía, Alfonso
245 0 _aCoñones del Reino de España
250 _a7ma.ed
264 _bEdiciones B, S.A.
942 _cLIB
999 _c30372
_d30372